000 00971nam a2200229Ia 4500
003 GCL
008 140319s9999 xx 000 0 ara d
020 _a3089322977
040 _aGCL /
_cGCL
082 0 4 _aق
_b364.6
_bع س
100 1 _aعلاء طه رزق
245 1 0 _aالسجون و العقوبات فى مصر (عصر سلاطين المماليك) /
_cعلاء طه رزق
250 _aالاولى
260 _aالقاهرة :
_bعين للدراسات والبحوث الانسانية والاجتماعية ،
_c2002
300 _a193 ص ؛
_c24 سم
650 0 4 _aمكافحة الجريمة
650 0 4 _aالجريمة و المجرمون - تاريخ - مصر - عصر المماليك
650 0 4 _aالعقوبات - تاريخ - مصر - عصر المماليك
650 0 4 _aالمسجونون - تاريخ - مصر - عصر المماليك
650 0 4 _aالسجون - تاريخ - مصر - عصر المماليك
942 _2ddc
_cBK
999 _c6388
_d6388